Integral education: a mission to integrate values in education (Record no. 492548)

000 -LEADER
fixed length control field 00479cam a22001337a 4500
008 - FIXED-LENGTH DATA ELEMENTS--GENERAL INFORMATION
fixed length control field 180718b2000 xxu||||| |||| 00| 0 eng d
082 ## - DEWEY DECIMAL CLASSIFICATION NUMBER
Classification number P5x54 B464
245 ## - TITLE STATEMENT
Title Integral education: a mission to integrate values in education
Statement of responsibility, etc. edited by K. Sudha Rao
260 ## - PUBLICATION, DISTRIBUTION, ETC.
Place of publication, distribution, etc. New Delhi
Name of publisher, distributor, etc. National Institute of Educational Planning and Administration
Date of publication, distribution, etc. 2000
300 ## - PHYSICAL DESCRIPTION
Extent 56+p.
440 ## - SERIES STATEMENT/ADDED ENTRY--TITLE
Title Best practices in higher education
650 ## - SUBJECT ADDED ENTRY--TOPICAL TERM
Topical term or geographic name entry element Education, Higher - India
700 ## - ADDED ENTRY--PERSONAL NAME
Personal name Rao, K. Sudha
Holdings
Withdrawn status Lost status Damaged status Not for loan Permanent Location Current Location Date acquired Full call number Barcode Date last seen Price effective from Koha item type
        Indian Institute of Public Administration Indian Institute of Public Administration 2018-08-04 P5x54 B464 GR16437 2018-08-04 2018-08-04 GR

Powered by Koha